|
|
|
|
| LEADER |
00000nab a2200000 ar4500 |
| 001 |
vtls008901726 |
| 003 |
SK-MaSNL |
| 005 |
20260410043854.0 |
| 008 |
061127c20061124xo |||||||| 000 b|hun |
| 015 |
|
|
|a SNBRB2006/11
|2 snkbucl
|
| 038 |
|
|
|a SNKBUCL
|
| 040 |
|
|
|a DSZK
|b slo
|c DSZK
|e AACR2
|
| 041 |
0 |
|
|a hun
|
| 044 |
|
|
|a xo
|c SK
|
| 080 |
|
|
|a 77.04-051
|2 1997
|
| 100 |
1 |
|
|a Lőrincz, Adrián,
|d 1972-
|4 ivr
|4 aut
|9 330033
|
| 245 |
1 |
0 |
|a Egy másik Szlovákia száztizenhat arca
|b Kusturicát idézve az élet egy csoda, vallja Andrej Bán fotográfus
|c Lőrincz Adrián
|
| 300 |
|
|
|b Fotogr.
|
| 600 |
1 |
7 |
|a Bán, Andrej,
|d 1964-
|t Iné Slovensko
|2 snkbucl
|9 214155
|
| 655 |
|
7 |
|a rozhovory
|2 snkbucl
|9 31831
|
| 700 |
1 |
|
|a Bán, Andrej,
|d 1964-
|4 ive
|4 aut
|9 85722
|
| 773 |
0 |
|
|t Új szó
|g Évf. 59, sz. 270 (24.11.2006)
|
| 773 |
0 |
8 |
|i Príl.:
|t Gondolat
|g Évf. 6, sz. 20 (2006), o. 13
|
| 852 |
|
|
|a SNK
|b KIS3GCP
|
| 852 |
|
|
|a DSZK
|b KIS3GCP
|
| 958 |
|
|
|a HU
|
| 958 |
|
|
|a SK
|
| 999 |
|
|
|c 1759946
|d 1761876
|